[Event "XX Sants Open 2018"]
[Site "Cotxeres de Sants"]
[Date "2018.08.18"]
[Round "2"]
[White "Collazo Gibanel, Sergio"]
[Black "Marza Vendrell, Conrado"]
[Result "0-1"]
[WhiteElo "1788"]
[BlackElo "1925"]
[Annotator "NA RC"]
[PlyCount "78"]
[EventDate "2018.08.17"]
[EventType "swiss"]
[EventCountry "ESP"]
[SourceTitle "playchess.com"]
[Source "ChessBase"]
[SourceQuality "1"]
[TimeControl "40/5400+30:1800+30"]

1. e4 c5 2. Nc3 Nc6 3. g3 g6 4. Bg2 Bg7 5. d3 d6 6. Nge2 e6 7. O-O Nge7 8. f4 O-O 9. g4 f5 10. g5 d5 11. Ng3 d4 12. Nce2 Rb8 $15 13. Bd2 b5 14. Rb1 Qc7 15. b3 Ba6 16. a3 c4 17. Nh5 gxh5 18. Ng3 h4 19. Nh5 Bh8 20. Qe2 Qd7 21. bxc4 bxc4 22. Rxb8 Nxb8 23. Re1 c3 24. Bc1 Nbc6 25. a4 Bc8 26. Ba3 Rf7 27. Qf2 Ng6 28. exf5 exf5 29. Bd5 Qxd5 30. Re8+ Rf8 31. Bxf8 Nxf8 32. Rxc8 Qe6 33. Ra8 Qe3 34. Nf6+ Bxf6 35. gxf6 Kf7 36. Qxe3 dxe3 37. Rc8 Nd4 38. Kf1 Nfe6 39. Rc4 Nxc2 0-1

[Event "XX Sants Open 2018"]
[Site "Cotxeres de Sants"]
[Date "2018.08.18"]
[Round "2"]
[White "Grasa Solanas, Oscar"]
[Black "Sanchez De Medina Vilagrasa, En"]
[Result "1-0"]
[WhiteElo "1646"]
[BlackElo "1508"]
[Annotator "NA RC"]
[PlyCount "77"]
[EventDate "2018.08.17"]
[EventType "swiss"]
[EventCountry "ESP"]
[SourceTitle "playchess.com"]
[Source "ChessBase"]
[SourceQuality "1"]
[TimeControl "40/5400+30:1800+30"]

1. c4 c5 2. Nc3 Nf6 3. g3 g6 4. Bg2 Bg7 5. Nf3 Nc6 {LiveBook: 1674 Games} 6. O-O O-O $14 7. d4 cxd4 8. Nxd4 Nxd4 9. Qxd4 d6 10. Qd1 Qc7 11. b3 Bd7 12. Rb1 Qc8 13. Re1 Bh3 14. Bh1 Rb8 15. Bb2 h5 16. Nd5 Nxd5 17. Bxg7 Kxg7 18. Qxd5 Rh8 19. Qd4+ f6 20. Qxa7 h4 21. Qe3 e5 22. Red1 hxg3 23. fxg3 Qc7 24. Rb2 Be6 25. Rbd2 Rhd8 26. Bd5 Bf5 27. Be4 Bh3 28. Bg2 Be6 29. Qf2 b6 30. e3 f5 31. Rd3 e4 32. Rd4 Rd7 33. Rf1 Rh8 34. Bxe4 Rf8 35. Bg2 Rdf7 36. Qd2 Rd8 37. Rd1 Rfd7 38. Qb2 Qc5 39. Rd5+ 1-0

[Event "XX Sants Open 2018"]
[Site "Cotxeres de Sants"]
[Date "2018.08.18"]
[Round "2"]
[White "Martinez Torras, Pol"]
[Black "Ribera Veganzones, Serni"]
[Result "1-0"]
[WhiteElo "1642"]
[BlackElo "1496"]
[Annotator "NA RC"]
[PlyCount "69"]
[EventDate "2018.08.17"]
[EventType "swiss"]
[EventCountry "ESP"]
[SourceTitle "playchess.com"]
[Source "ChessBase"]
[SourceQuality "1"]
[TimeControl "40/5400+30:1800+30"]

1. c4 e5 2. g3 Nc6 3. Bg2 g6 4. Nc3 Bg7 5. d3 {LiveBook: 1043 Games} d6 6. Rb1 f5 $11 7. Bd2 Nf6 8. b4 O-O 9. b5 Ne7 10. Nf3 h6 11. O-O g5 12. Ne1 f4 13. Nc2 Qe8 14. Nb4 Qh5 15. e3 Bg4 16. f3 Bd7 17. exf4 gxf4 18. gxf4 exf4 19. Bxf4 Qh4 20. Bd2 Nh5 21. Qe1 Bd4+ 22. Kh1 Qf6 23. Nbd5 Nxd5 24. Nxd5 Qg7 25. Nxc7 Rac8 26. Ne6 Bxe6 27. Qxe6+ Kh8 28. Qxh6+ Qxh6 29. Bxh6 Rf6 30. Bg5 Rg6 31. f4 b6 32. Rbe1 Rcg8 33. Bd5 R8g7 34. Re8+ Kh7 35. Be4 1-0

[Event "XX Sants Open 2018"]
[Site "Cotxeres de Sants"]
[Date "2018.08.18"]
[Round "2"]
[White "Fontela Hidalgo, Victor"]
[Black "Romero Funieles, Rafael"]
[Result "0-1"]
[WhiteElo "1510"]
[BlackElo "1642"]
[Annotator "NA RC"]
[PlyCount "46"]
[EventDate "2018.08.17"]
[EventType "swiss"]
[EventCountry "ESP"]
[SourceTitle "playchess.com"]
[Source "ChessBase"]
[SourceQuality "1"]
[TimeControl "40/5400+30:1800+30"]

1. e4 e6 {[%emt 0:02:10]} 2. d4 {[%emt 0:00:00]} d6 {[%emt 0:00:32]} 3. f4 {[%emt 0:00:00]} Nf6 {[%emt 0:01:11]} 4. Nc3 {[%emt 0:00:06]} Be7 {[%emt 0:01:09]} 5. Nf3 {[%emt 0:00:34]} h6 {[%emt 0:01:13]} 6. Bc4 {[%emt 0:00:36]} c6 {[%emt 0:02:05]} 7. Qe2 $14 {[%emt 0:01:40]} a6 {[%emt 0:09:15]} 8. a4 {[%emt 0:01:18]} Qa5 {[%emt 0:05:06]} 9. Bd2 {[%emt 0:03:45]} Qb6 {[%emt 0:02:36]} 10. O-O {[%emt 0:06:35]} Nbd7 {[%emt 0:04:00]} 11. e5 {[%emt 0:12:06]} dxe5 {[%emt 0:05:56]} 12. fxe5 {[%emt 0:00:42]} Nd5 {[%emt 0:01:47]} 13. Ne4 {[%emt 0:03:53]} O-O {[%emt 0:09:14]} 14. Qf2 {[%emt 0:08:00]} Qxb2 {[%emt 0:07:30]} 15. Bd3 {[%emt 0:01:48]} Qb6 {[%emt 0:01:10]} 16. Qg3 {[%emt 0:01:02]} Kh8 {[%emt 0:01:04]} 17. Qh3 {[%emt 0:08:45]} f5 {[%emt 0:05:34]} 18. Ng3 {[%emt 0:07:47]} Nxe5 {[%emt 0:03:12]} 19. Nxe5 {[%emt 0:09:36]} Qxd4+ {[%emt 0:00:10]} 20. Kh1 {[%emt 0:00:19]} Qxe5 {[%emt 0:00:23]} 21. Rae1 {[%emt 0:01:23]} Qf6 {[%emt 0:02:50]} 22. c4 {[%emt 0:05:29]} Nb4 {[%emt 0:05:26]} 23. Bg5 {[%emt 0:03:15]} Qxg5 {[%emt 0:01:01]} 0-1

[Event "XX Sants Open 2018"]
[Site "Cotxeres de Sants"]
[Date "2018.08.19"]
[Round "3"]
[White "Demchenko, Anton"]
[Black "Dijkhuis, Tycho"]
[Result "1-0"]
[WhiteElo "2670"]
[BlackElo "2405"]
[Annotator "TA"]
[PlyCount "103"]
[EventDate "2018.08.17"]
[EventType "swiss"]
[EventCountry "ESP"]
[SourceTitle "playchess.com"]
[Source "ChessBase"]
[SourceQuality "1"]

{[%evp 19,103,28,37,0,8,10,1,0,0,0,0,-2,0,0,0,-11,6,16,24,1,13,0,11,0,0,0,0,-14,-5,-25,-16,-18,0,0,2,0,0,0,0,-102,1,0,8,8,43,39,41,59,96,102,119,122,100,108,95,100,126,84,123,47,51,57,203,201,237,246,241,241,222,232,253,229,246,218,645,641,610,607,607,560,1506,672,1234,1640,1328,1243]} 1. e4 g6 2. d4 Bg7 3. Nc3 a6 4. Be3 b5 5. Qd2 Bb7 6. f3 d6 7. a4 c6 8. Bd3 Nd7 9. Nge2 Ngf6 10. O-O {B07: Pirc-Ufimzew-Verteidigung} O-O {LiveBook: 7 Partien} 11. Bh6 (11. Nd1 e5 12. axb5 axb5 13. Nf2 Qc7 14. c3 Nb6 15. b3 Rxa1 16. Rxa1 Rb8 17. dxe5 dxe5 {½-½ (70) Tiviakov,S (2668)-Nijboer,F (2598) Amsterdam 2006}) 11... e5 12. Bxg7 {Die Stellung ist ausgeglichen.} Kxg7 13. dxe5 dxe5 14. Qe3 Qe7 $146 15. Nd1 Rfd8 16. Nf2 Nc5 17. b3 Ne6 18. Rfb1 Ne8 19. b4 N8c7 20. axb5 axb5 21. Qb6 Rxa1 22. Rxa1 Ra8 23. Rb1 Ne8 24. Ng4 f6 25. Qe3 Rd8 26. h4 Kg8 {[#]} 27. h5 $1 {[%mdl 512]} Bc8 (27... gxh5 28. Nh6+) 28. hxg6 hxg6 {[%cal Bh7g6,Bg6g5][%mdl 32]} 29. Ra1 (29. Qb6 $11 {hält das Gleichgewicht.}) 29... Nd6 (29... Qxb4 $17 30. Nc1 (30. Qh6 Nf8 $17) 30... Qc5) 30. Qh6 Qg7 31. Qh4 g5 32. Qf2 Nf4 33. Nxf4 Bxg4 34. Ra7 Rd7 35. Ra8+ Kf7 36. Ne2 $36 {[%mdl 2048] Weiss ist am Drücker.} Be6 37. g4 Kg6 38. Ng3 Qe7 39. Ra6 ({Besser ist} 39. Nf5 $16 Bxf5 40. gxf5+ (40. exf5+ Kg7 $16) 40... Kg7 41. Qb6) 39... Rc7 $1 $14 40. Qc5 Bd7 {[#]} (40... Qd7 $1 $14) 41. Bxb5 $1 $18 {[%mdl 512]} Bxg4 (41... cxb5 42. Qxc7) 42. fxg4 ({Jedoch nicht} 42. Bxc6 $6 Bc8) 42... Nxb5 {[#]} 43. Qxe7 $1 (43. Rxc6 Qxc5+ 44. Rxc5 Rxc5 $16) 43... Rxe7 44. Rxc6 {[%mdl 4096] Endspiel KTS-KTS} Nd4 45. Rc8 Ra7 46. Nf5 Ra3 $2 (46... Kf7 47. c3 Nxf5 48. exf5 (48. gxf5 Ke7 $18) 48... Ke7) 47. Rc7 {[%csl Gf5][%cal Rc7g7] Weiß steht klar auf Gewinn.} Nxf5 48. exf5+ ({Schwächer ist} 48. gxf5+ Kh5 $14) 48... Kh6 49. Kf2 e4 50. b5 Ra4 51. Ke3 Ra3+ 52. c3 {Precision: Weiß = 72%, Schwarz = 35%.} 1-0

[Event "XX Sants Open 2018"]
[Site "Cotxeres de Sants"]
[Date "2018.08.19"]
[Round "3"]
[White "Nisipeanu, Liviu-Dieter"]
[Black "Lapshun, Yury"]
[Result "1-0"]
[WhiteElo "2657"]
[BlackElo "2403"]
[Annotator "TA"]
[PlyCount "137"]
[EventDate "2018.08.17"]
[EventType "swiss"]
[EventCountry "ESP"]
[SourceTitle "playchess.com"]
[Source "ChessBase"]
[SourceQuality "1"]

{[%evp 12,137,0,-16,-18,-35,-17,-27,-26,-21,-23,-26,20,16,16,0,21,26,146,155,157,90,94,83,78,93,83,-8,-8,-8,-14,-6,0,-5,0,0,39,57,44,40,62,0,0,-16,-10,-74,0,0,0,-93,0,-501,0,-224,0,0,0,-193,-193,-177,-197,-212,-209,-212,0,0,0,0,0,0,60,60,210,188,190,162,203,203,203,203,203,203,203,203,203,203,223,223,223,244,244,183,183,183,183,183,183,183,183,183,190,190,592,585,584,584,584,584,536,531,29949,29948,12796,12726,29951,29958,29967,29961,11481,7506,29955,12794,9959,7499,29976,29980,29978,12806]} 1. d4 {Ftacnik,L} Nf6 2. Nc3 d5 3. Bf4 c5 4. e3 cxd4 5. exd4 a6 6. Bd3 {B13: Caro-Kann (Abtausch-Variante 4.c4)} Nc6 7. Nge2 {LiveBook: 17 Partien} e6 8. Qd2 {Die Stellung ist ausgeglichen.} Bd7 $146 ({Vorgänger:} 8... b5 9. O-O Be7 10. a3 Bd7 11. h3 O-O 12. Rfe1 Na5 13. Rad1 {1-0 (21) Jobava,B (2665)-Ponomariov,R (2709) Baku 2016 CBM 175 [Ftacnik,L]}) 9. a3 Be7 10. f3 b5 11. g4 h6 12. h4 Qb6 13. Qe3 O-O-O 14. a4 {[%cal Ra4b5]} Bb4 (14... b4 $11 {hält das Gleichgewicht.}) 15. axb5 axb5 16. Kf2 (16. O-O $142) 16... e5 $16 17. Bxe5 (17. dxe5 Nxg4+ 18. fxg4 Bc5 $15) 17... Nxe5 18. Qxe5 (18. dxe5 $2 Bc5 $19) 18... Bd6 19. Nxd5 ({Günstiger ist} 19. Qe3 $1 $16) 19... Qb8 $1 $11 20. Ne7+ Kc7 21. Qe3 $1 {Ta6 ist eine echte Drohung.} ({Ein No Go ist} 21. Nd5+ Kb7 $15) 21... Rde8 22. Ra6 Rxe7 23. Qd2 Kd8 {zielt auf ...Lc8 ab.} 24. Rha1 {[%mdl 1024] Weiss hat Kompensation.} Bc8 $1 {[%cal Rc8a6]} 25. Ra8 Qb7 {[#]} 26. R1a6 $1 {[%mdl 512]} Bc7 (26... Qxa6 27. Rxa6) 27. Bf5 Nd7 28. Nc3 (28. d5 $11 Re5 29. Nd4) 28... Bb8 (28... Rhe8 $17 {Droht stark ...Lb8.} 29. Be4 Rxe4 $1 {[%mdl 512]} 30. Nxe4 Nb6) 29. d5 $1 {Schwarz muss nun Dd4 beachten.} b4 30. Ne4 {[#]} (30. d6 $1 $11 {war der einzige Weg, das Gleichgewicht zu behalten.} Re5 31. Ne4) 30... Rhe8 ({Lieber} 30... Rxe4 $1 $17 {[%mdl 512]} 31. fxe4 (31. Bxe4 Qc7 $17) 31... Qc7) 31. c4 $2 {[%mdl 8192] [#]} (31. Qd4 $11 {und Weiss muss sich keine Sorgen machen.}) 31... bxc3 $2 (31... Rxe4 $1 $19 {[%mdl 512]} 32. fxe4 Nc5) 32. bxc3 $2 {[#]} (32. Qxc3 $11 {und Weiss ist OK.} Be5 33. Qd2) 32... Nb6 $2 (32... Qxa6 33. Rxa6 Bxa6 34. c4 $1 $16 {[%mdl 512]}) (32... Rxe4 $1 $19 {[%mdl 512]} 33. fxe4 Nc5 34. Bxc8 Kxc8) 33. Bxc8 Nxc8 34. d6 $2 (34. c4 $11 Rxe4 35. fxe4) 34... Rxe4 $1 $19 35. fxe4 Rxe4 36. c4 Kd7 37. c5 {[#]} Ba7 $2 (37... Rc4 $1 $19 38. c6+ Rxc6) 38. R8xa7 $1 $11 Nxa7 39. Rb6 $36 {[%mdl 2048] Weiss hat Initiative.} Qa8 40. Qd3 {Und Db3 würde nun gewinnen.} Rf4+ (40... f5 $1 $11 41. gxf5 Rxh4) 41. Kg3 $14 g5 (41... Qe4 $14 42. Qxe4 Rxe4) 42. hxg5 $18 hxg5 43. Qa3 Ke6 {Schwarz will ...De4 spielen.} 44. d7+ Kxd7 {[#]} 45. c6+ $1 {[%mdl 512]} Kc7 (45... Nxc6 46. Qxa8) 46. Rb7+ Qxb7 47. cxb7 {[%mdl 4096] Endspiel KD-KTS} Nc6 48. Qa8 Nb8 49. Qa5+ Kxb7 50. Qb5+ Kc7 51. Qe5+ Kb7 {beabsichtigt ...f6.} 52. Qe7+ Ka8 53. Qxg5 Rd4 54. Qf6 Rd7 55. Qb6 Ra7 56. g5 Ra6 $2 (56... Ra3+ {ist zäher.} 57. Kf4 Ra7) 57. Qb3 Ra7 58. Qd5+ Rb7 59. Kf4 Na6 60. Qa5 Ka7 61. Kf5 Rc7 62. Kf6 Rb7 63. Qa2 Kb6 {[#]} 64. Qxf7 $1 {[%mdl 512]} Nc5 (64... Rxf7+ 65. Kxf7) 65. Qe8 Nd7+ 66. Ke6 Nc5+ 67. Kf5 Rd7 {[#]} 68. Qxd7 $1 {[%mdl 512]} Nxd7 69. g6 {Precision: Weiß = 65%, Schwarz = 41%.} 1-0

[Event "XX Sants Open 2018"]
[Site "Cotxeres de Sants"]
[Date "2018.08.19"]
[Round "3"]
[White "Illescas Cordoba, Miguel"]
[Black "Cavalieri, Riccardo"]
[Result "1-0"]
[WhiteElo "2605"]
[BlackElo "2109"]
[Annotator "ChessBase"]
[PlyCount "67"]
[EventDate "2018.08.17"]
[EventType "swiss"]
[EventCountry "ESP"]
[SourceTitle "playchess.com"]
[Source "ChessBase"]
[SourceQuality "1"]
[TimeControl "40/5400+30:1800+30"]

1. c4 {[%emt 0:00:00]} Nf6 {[%emt 0:00:00]} 2. Nc3 {[%emt 0:00:00]} d5 {[%emt 0:00:00]} 3. cxd5 {[%emt 0:00:00]} Nxd5 {[%emt 0:00:03]} 4. g3 {[%emt 0:00:00]} g6 {[%emt 0:01:53]} 5. Bg2 {[%emt 0:00:00]} Nxc3 {[%emt 0:01:38]} 6. bxc3 {[%emt 0:00:00]} Bg7 {[%emt 0:00:31]} 7. Rb1 {[%emt 0:01:23]} O-O {[%emt 0:00:10]} 8. h4 {[%emt 0:06:11]} c6 {[%emt 0:11:32]} 9. Qa4 {[%emt 0:10:10]} Nd7 {[%emt 0:06:19]} 10. h5 {[%emt 0:00:13]} e5 {[%emt 0:02:43]} 11. hxg6 {[%emt 0:00:28]} hxg6 {[%emt 0:00:49]} 12. d3 {[%emt 0:04:50]} Nb6 {[%emt 0:01:52]} 13. Qc2 {[%emt 0:04:52]} Re8 {[%emt 0:17:08]} 14. Nh3 {[%emt 0:09:11]} Bf5 {[%emt 0:11:13]} 15. Ng5 {[%emt 0:03:26]} Bf6 {[%emt 0:04:12]} 16. Ne4 {[%emt 0:04:56]} Bxe4 {[%emt 0:00:52]} 17. Bxe4 {[%emt 0:00:03]} Bg5 {[%emt 0:01:05]} 18. f4 {[%emt 0:08:30]} exf4 {[%emt 0:05:26]} 19. gxf4 {[%emt 0:00:06]} Bh4+ {[%emt 0:00:25]} 20. Kf1 {[%emt 0:00:05]} Kg7 {[%emt 0:03:05]} 21. c4 {[%emt 0:04:16]} Rb8 {[%emt 0:01:59]} 22. f5 {[%emt 0:07:51]} Nd7 {[%emt 0:15:46]} 23. Qd2 {[%emt 0:00:14]} Rh8 {[%emt 0:03:52]} 24. fxg6 {[%emt 0:04:20]} Qf6+ {[%emt 0:01:29]} 25. Qf4 {[%emt 0:00:54]} Bg3 {[%emt 0:04:19]} 26. Qxf6+ {[%emt 0:01:10]} Nxf6 {[%emt 0:00:02]} 27. Rxh8 {[%emt 0:00:29]} Rxh8 {[%emt 0:00:30]} 28. Rxb7 {[%emt 0:02:22]} Nxe4 {[%emt 0:00:15]} 29. Bb2+ {[%emt 0:00:08]} Nf6 {[%emt 0:01:55]} 30. Rxf7+ {[%emt 0:00:05]} Kxg6 {[%emt 0:00:06]} 31. Rxf6+ {[%emt 0:00:02]} Kg5 {[%emt 0:00:25]} 32. Rf3 {[%emt 0:00:30]} Rb8 {[%emt 0:00:24]} 33. Rxg3+ {[%emt 0:00:06]} Kf4 {[%emt 0:00:33]} 34. Rf3+ {[%emt 0:00:05]} 1-0

[Event "XX Sants Open 2018"]
[Site "Cotxeres de Sants"]
[Date "2018.08.19"]
[Round "3"]
[White "Heimann, Andreas"]
[Black "Pfreundt, Jakob"]
[Result "1-0"]
[WhiteElo "2590"]
[BlackElo "2399"]
[Annotator "TA"]
[PlyCount "137"]
[EventDate "2018.08.17"]
[EventType "swiss"]
[EventCountry "ESP"]
[SourceTitle "playchess.com"]
[Source "ChessBase"]
[SourceQuality "1"]

{[%evp 21,137,8,1,0,18,0,9,5,7,12,18,14,20,0,11,0,13,0,7,0,19,2,7,0,6,13,42,11,10,8,14,10,21,14,24,4,9,6,8,0,11,0,16,16,24,0,25,9,29,19,9,9,12,14,10,4,13,0,0,2,5,6,45,45,45,45,45,45,64,6,66,66,66,66,66,67,216,216,330,328,318,275,279,284,285,285,354,318,318,317,260,260,260,267,264,0,282,253,480,486,568,568,1624,1485,1279,1175,1980,1977,1491,1548,1375,1279,29946,9446,29952,29952,29956,29940]} 1. Nf3 d5 2. g3 Nf6 3. Bg2 e6 4. O-O Be7 5. c4 O-O 6. d4 dxc4 7. Qc2 a6 8. a4 Bd7 9. Rd1 {E05: Katalanisch} Bc6 10. Bg5 a5 (10... b5 11. Bxf6 Bxf6 12. Nc3 Qe8 13. e4 g6 14. h4 Nd7 15. axb5 axb5 16. Rxa8 Qxa8 {½-½ (26) Mamedyarov,S (2808)-So,W (2778) Stavanger 2018}) 11. Bxf6 Bxf6 {LiveBook: 4 Partien} 12. Nbd2 $146 ({Vorgänger:} 12. Na3 Na6 13. Nxc4 Nb4 14. Qc1 g6 15. e3 Qe8 16. b3 Qe7 {½-½ (41) Burmakin,V (2585)-Gavrilov,A (2452) Boeblingen 2013}) 12... Bxf3 13. Nxf3 Na6 14. Qxc4 c6 15. e3 Qb6 16. Nd2 Rfd8 17. Ne4 Be7 18. Rac1 Rac8 19. b3 Rd7 20. h4 h6 21. Bf3 Rcd8 22. Kg2 Qb4 23. Nd2 Qb6 24. Qc3 Nb4 25. Nc4 Qa7 26. Qa1 Bf6 27. Qb1 Rc7 28. Rd2 Rcd7 29. Rcd1 Nd5 30. Qc1 Nb4 31. Be4 Rc7 32. Ne5 Qb6 33. Bb1 (33. Bf3 {is more complex.} Qa7 34. Qc4 Qb8 35. Qc3 b5 36. Ng4) 33... Qa7 (33... Rcc8 {looks sharper.} 34. Ng4 Be7 35. Qc4 Qc7 36. Qe2 c5) 34. Qc4 (34. Ng4 {seems wilder.} Be7 35. Qc3 b5 36. e4 Bf8 37. Qf3) 34... Qa6 35. Qxa6 (35. Bd3 {with more complications.} Qa8 36. Be4 Nd5 37. Bf3 Qa7 38. Ng4) 35... Nxa6 36. Nc4 Be7 37. Bd3 Bb4 38. Rc2 c5 39. Be4 cxd4 40. Rxd4 Rxd4 41. exd4 h5 42. Ne3 Rxc2 43. Nxc2 $14 {[%mdl 4096] Endspiel KLS-KLS} Bc3 44. Bxb7 Nb4 $1 {[%cal Rb4c2]} 45. Ne3 (45. Na3 $14) 45... Kf8 ({Besser ist} 45... Nd3 $1 $11) 46. d5 exd5 47. Bxd5 Bd4 {[#] Weiss muss nun ...Lxe3 beachten.} 48. Bf3 (48. Be4 {keeps more tension.} Na6 49. Nc2 Bb6 50. Na3 Bd4 51. Kf3) 48... Bxe3 (48... g6 $1 $14) 49. fxe3 {KL-KS} g6 (49... Ke7 {ist eine bessere Verteidigung.} 50. Bxh5 Nd5) 50. Be2 $18 Ke7 51. Kf3 Nc6 52. Ke4 Kd6 53. Bc4 Ne5 54. Bd5 f6 55. Kd4 Nd7 56. Bf3 Ne5 57. Bg2 Ng4 58. Bf3 Ne5 59. Bh1 g5 $2 (59... Ng4 60. Bf3 Ne5) 60. Be4 gxh4 61. gxh4 f5 62. Bxf5 Nf3+ 63. Kc4 Nxh4 {[#]} 64. Be4 $1 Ke5 65. Bh1 Nf5 66. Kb5 Nxe3 67. Kxa5 h4 68. Kb6 h3 69. a5 {Precision: Weiß = 58%, Schwarz = 35%.} 1-0

[Event "XX Sants Open 2018"]
[Site "Cotxeres de Sants"]
[Date "2018.08.19"]
[Round "3"]
[White "Esipenko, Andrey"]
[Black "Gual Pascual, Antonio"]
[Result "1-0"]
[WhiteElo "2589"]
[BlackElo "2394"]
[Annotator "RC"]
[PlyCount "65"]
[EventDate "2018.08.17"]
[EventType "swiss"]
[EventCountry "ESP"]
[SourceTitle "playchess.com"]
[Source "ChessBase"]
[SourceQuality "1"]
[TimeControl "40/5400+30:1800+30"]

1. d4 {[%emt 0:00:00]} g6 {[%emt 0:00:00]} 2. Nf3 {[%emt 0:00:08]} Bg7 {[%emt 0:00:00]} 3. g3 {[%emt 0:00:09]} d6 {[%emt 0:00:06]} 4. Bg2 {[%emt 0:00:15]} Nd7 {[%emt 0:02:49]} 5. O-O {[%emt 0:00:26]} e5 {[%emt 0:00:31]} 6. c4 {[%emt 0:00:09]} Ne7 {[%emt 0:00:41]} 7. Nc3 {[%emt 0:01:35]} O-O {[%emt 0:03:46]} 8. dxe5 {[%emt 0:00:16]} dxe5 {[%emt 0:00:11]} 9. Qc2 {[%emt 0:00:05]} Nf5 {[%emt 0:00:22]} 10. Bg5 {[%emt 0:00:15]} f6 {[%emt 0:06:24]} 11. Bd2 {[%emt 0:00:13]} Nc5 {[%emt 0:00:49]} 12. Rad1 {[%emt 0:00:08]} Ne6 {[%emt 0:11:00]} 13. e3 {[%emt 0:00:05]} Qe8 {[%emt 0:00:25]} 14. Bc1 {[%emt 0:00:47]} Ne7 {[%emt 0:06:25]} 15. b3 {[%emt 0:23:47]} f5 {[%emt 0:04:27]} 16. Bb2 {[%emt 0:10:42]} g5 {[%emt 0:01:49]} 17. Nd5 {[%emt 0:00:36]} Ng6 {[%emt 0:01:18]} 18. Nxg5 {[%emt 0:11:09]} Nxg5 {[%emt 0:00:26]} 19. Nxc7 {[%emt 0:00:05]} Qe7 {[%emt 0:04:35]} 20. Nxa8 {[%emt 0:00:51]} Be6 {[%emt 0:03:40]} 21. f4 {[%emt 0:01:56]} Nf7 {[%emt 0:01:02]} 22. e4 {[%emt 0:08:02]} Nh6 {[%emt 0:01:34]} 23. fxe5 {[%emt 0:01:56]} f4 {[%emt 0:03:22]} 24. Qd2 {[%emt 0:12:06]} fxg3 {[%emt 0:04:09]} 25. Rxf8+ {[%emt 0:01:40]} Nxf8 {[%emt 0:00:34]} 26. Qd8 {[%emt 0:03:46]} Qf7 {[%emt 0:04:01]} 27. Rf1 {[%emt 0:00:31]} Qh5 {[%emt 0:00:13]} 28. hxg3 {[%emt 0:00:11]} Nf7 {[%emt 0:00:56]} 29. Qd1 {[%emt 0:02:55]} Qg5 {[%emt 0:01:32]} 30. Nc7 {[%emt 0:00:34]} Qe3+ {[%emt 0:11:49]} 31. Rf2 {[%emt 0:00:09]} Qxg3 {[%emt 0:04:06]} 32. Nxe6 {[%emt 0:00:31]} Nxe6 {[%emt 0:00:05]} 33. Rxf7 {[%emt 0:00:27]} 1-0

[Event "XX Sants Open 2018"]
[Site "Cotxeres de Sants"]
[Date "2018.08.19"]
[Round "3"]
[White "Moussard, Jules"]
[Black "Pogorelov, Ruslan"]
[Result "1/2-1/2"]
[WhiteElo "2566"]
[BlackElo "2389"]
[Annotator "TA"]
[PlyCount "110"]
[EventDate "2018.08.17"]
[EventType "swiss"]
[EventCountry "ESP"]
[SourceTitle "playchess.com"]
[Source "ChessBase"]
[SourceQuality "1"]

{[%evp 12,110,-14,-17,-11,-16,-24,-19,-13,-6,-4,-8,-1,-7,-7,-7,-7,-3,-2,0,0,0,0,0,9,0,0,0,0,0,0,-6,0,0,0,0,0,0,0,0,0,-9,-14,-30,0,0,0,-25,0,-16,0,-22,-17,-24,-13,-6,-5,-5,-11,-22,-13,-12,-23,-28,-18,-26,-30,-31,-22,-11,-6,-65,-60,-58,-47,-141,-141,-143,-137,-129,-59,-59,-22,-25,-18,-36,-8,-8,-8,-16,-8,-6,-8,-8,0,0,0,-8,0,0,0]} 1. e4 c5 2. Nf3 Nc6 3. Nc3 e6 4. g3 Nf6 5. Bg2 d5 (5... d6 6. O-O Be7 7. d4 cxd4 8. Nxd4 Bd7 9. Nce2 O-O 10. Re1 Rc8 11. Nxc6 Bxc6 12. Nd4 Bd7 13. c3 Qc7 14. a4 a6 15. a5 e5 16. Nc2 Be6 17. Nb4 {½-½ (47) Lu,S (2641)-Zhou,J (2597) Shenzhen 2017}) 6. d3 {B40: Sicilian: 2...e6, Unusual lines} dxe4 7. Nxe4 {LiveBook: 3 Games} Nxe4 8. dxe4 Qxd1+ 9. Kxd1 b6 10. c3 Bb7 11. Kc2 $146 ({Predecessor:} 11. Bf4 Rd8+ 12. Kc2 Bd6 13. Bxd6 Rxd6 {0-1 (44) Liaskos,L (2103)-Kostopoulos,E (2126) Porto Rio 2014}) 11... O-O-O 12. Bf4 h6 13. h4 Bd6 14. Bxd6 Rxd6 15. Rad1 Rhd8 16. Rxd6 Rxd6 17. Re1 Ba6 18. Re3 e5 19. h5 Rf6 20. Kd2 Kc7 21. Bh3 Rd6+ 22. Kc2 Rf6 23. Kd1 Rd6+ 24. Nd2 Bd3 25. Ke1 b5 26. f4 c4 27. Rf3 f6 28. Bf1 Bc2 29. Be2 Kb6 30. Bd1 Bd3 31. Re3 Kc5 32. Be2 Bc2 33. Bd1 Bxd1 34. Kxd1 $11 {[%mdl 4096] Endgame KRN-KRN} a5 35. Kc2 b4 36. b3 cxb3+ 37. axb3 bxc3 38. Kxc3 Rd4 39. Rf3 Rd7 40. Nc4 Nd4 41. Rf2 (41. Re3 $1 $11) 41... exf4 42. gxf4 {[#]} Nxb3 $1 {[%mdl 512]} 43. e5 {[#]} (43. Rg2 $15) (43. Kxb3 Rd3+) 43... Nd4 $1 $17 {[%cal Rd4b5] Threatens to win with ...Nb5+.} 44. Nxa5 Nb5+ 45. Kc2 {[#]} Rc7 (45... fxe5 $1 $17 {Strongly threatening ...Nd4+.} 46. fxe5 Ra7 47. Nb3+ Kd5) 46. exf6 $15 Kb4+ 47. Kd3 {Black should prevent fxg7.} gxf6 ({Resist} 47... Kxa5 48. fxg7 Rd7+ 49. Ke3 $17) 48. Ke4 Rc5 49. Nb7 {The position is equal.} Rxh5 50. f5 Nc3+ 51. Kd4 Rh4+ 52. Kd3 Rh3+ 53. Kd4 Rh4+ 54. Kd3 Rh3+ 55. Kd4 Rh4+ {Precision: White = 61%, Black = 46%.} 1/2-1/2